<?xml version="1.0" encoding="UTF-8"?>
<record
    xmlns:xsi="http://www.w3.org/2001/XMLSchema-instance"
    xsi:schemaLocation="http://www.loc.gov/MARC21/slim http://www.loc.gov/standards/marcxml/schema/MARC21slim.xsd"
    xmlns="http://www.loc.gov/MARC21/slim">

  <leader>01654nam a2200205 a 4500</leader>
  <controlfield tag="001">15179</controlfield>
  <controlfield tag="003">CO-ViMGA</controlfield>
  <controlfield tag="008">141112s2004    ck      r     000 u spa d</controlfield>
  <datafield tag="020" ind1=" " ind2=" ">
    <subfield code="a">9589400248</subfield>
  </datafield>
  <datafield tag="040" ind1=" " ind2=" ">
    <subfield code="a">CO-ViMGA</subfield>
    <subfield code="b">spa</subfield>
    <subfield code="c">CO-ViMGA</subfield>
  </datafield>
  <datafield tag="082" ind1="0" ind2="4">
    <subfield code="a">174.2 V353e</subfield>
  </datafield>
  <datafield tag="100" ind1="1" ind2=" ">
    <subfield code="a">Velez Correa, Luis Alfonso</subfield>
    <subfield code="9">50581</subfield>
  </datafield>
  <datafield tag="245" ind1="1" ind2="0">
    <subfield code="a">&#xE9;tica Medica. Interrogantes acerca de la medicina, la vida y la Muerte</subfield>
  </datafield>
  <datafield tag="260" ind1=" " ind2=" ">
    <subfield code="a">Medell&#xED;n, </subfield>
    <subfield code="c">Cib, </subfield>
    <subfield code="c">2001</subfield>
  </datafield>
  <datafield tag="300" ind1=" " ind2=" ">
    <subfield code="a">294.p.</subfield>
  </datafield>
  <datafield tag="505" ind1=" " ind2=" ">
    <subfield code="a">Naturaleza de la &#xE9;tica Principios eticos Moral Normas morales Progreso moral &#xE9;tica dialogica Acto Humano Conciencia moral Acto moral Responsabilidad moral Necesidad de la &#xE9;tica Utilidad de la &#xE9;tica &#xE9;tica y ciencia ANTROPOLOGIA MEDICA Naturaleza del ser humano La salud Enfermedad.dolor y sufrimiento Naturaleza de la medicina Ser medico &#xE9;tica MEDICA Relaci&#xF3;n medico - paciente - sociedad Consentimiento informado Manipulaci&#xF3;n del paciente Secreto profesional Colegaje medico Medicina y beneficio economico &#xE9;tica en la gesti&#xF3;n de los servicios de salud Distribucion y racionalizaci&#xF3;n de los servicios de salud Placebos Investigaci&#xF3;n en seres humanos Manipulaci&#xF3;n gen&#xE9;tica Control de la natalidad Esterilizaci&#xF3;n Inseminaci&#xF3;n y fecundaci&#xF3;n artificial Gestaci&#xF3;n subrogada Aborto Problemas eticos alrededor de la muerte - eutanasia El medico frente a la muerte Trasplantes DOCUMENTOS Juramento Hipocr&#xE1;tico Regulaciones en tiempo de conflicto armado Declaraci&#xF3;n de Tokio - (sobre la tortura)Declaraci&#xF3;n de Helsinki - (sobre la investigaci&#xF3;n biomedica)Ley 23 de 1981 , Normas de &#xE9;tica medica</subfield>
  </datafield>
  <datafield tag="650" ind1="1" ind2="4">
    <subfield code="a">&#xE9;tica MEDICA</subfield>
    <subfield code="9">22040</subfield>
  </datafield>
  <datafield tag="650" ind1="1" ind2="4">
    <subfield code="a">MEDICINA</subfield>
  </datafield>
  <datafield tag="942" ind1=" " ind2=" ">
    <subfield code="2">ddc</subfield>
    <subfield code="c">BK</subfield>
  </datafield>
  <datafield tag="999" ind1=" " ind2=" ">
    <subfield code="c">25554</subfield>
    <subfield code="d">25554</subfield>
  </datafield>
  <datafield tag="952" ind1=" " ind2=" ">
    <subfield code="0">0</subfield>
    <subfield code="1">0</subfield>
    <subfield code="2">ddc</subfield>
    <subfield code="4">0</subfield>
    <subfield code="7">0</subfield>
    <subfield code="8">003</subfield>
    <subfield code="a">MEVIECAR</subfield>
    <subfield code="b">MEVIECAR</subfield>
    <subfield code="d">2015-12-04</subfield>
    <subfield code="h">Volumen. 1 | 11/jun/2009</subfield>
    <subfield code="l">0</subfield>
    <subfield code="o">174.2 V353e </subfield>
    <subfield code="p">15179</subfield>
    <subfield code="r">2015-12-04 00:00:00</subfield>
    <subfield code="t">Ej. 1</subfield>
    <subfield code="w">2015-12-04</subfield>
    <subfield code="y">BK</subfield>
  </datafield>
</record>
